[Event "DSM WK M 2011"]
[Site "Karlsruhe GER"]
[Date "2011.05.14"]
[Round "6"]
[White "Tebartz van Elst, Antonia"]
[Black "Wolf, Isabelle"]
[Result "1-0"]
[Termination "normal"]
[Board "5.4"]
[WhiteElo "800"]
[BlackElo "800"]
[WhiteTeam "St. Ursula-Gymnasium Freiburg"]
[BlackTeam "Elly-Heuss-Knapp-Gymnasium Heilbronn"]
[PlyCount "45"]
[EventCountry "GER"]
[EventRounds "7"]
[EventType "team-swiss"]
[EventDate "2011.05.12"]

1. e4 e5 2. Nf3 Nf6 3. Bc4 Bc5 4. Ng5 Ng4 5. Nxf7 Ke7 6. Nxd8 Kxd8 7. O-O d6 8.
d3 Rf8 9. Bg5+ Ke8 10. Bb5+ Kf7 11. h3 Kg6 12. Be7 Rf7 13. Bh4 h5 14. Be8 Bd7
15. Bxf7+ Kxf7 16. hxg4 hxg4 17. Nc3 Nc6 18. Qe2 Nd4 19. Qd2 Kg6 20. Rad1 Kh5
21. Bg5 g6 22. Be7 Ba4 23. Qg5# 1-0

[Event "DSM WK M 2011"]
[Site "Karlsruhe GER"]
[Date "2011.05.14"]
[Round "6"]
[White "Hillmer, Nicole"]
[Black "Wolff, Marie Antoinette"]
[Result "1-0"]
[Termination "normal"]
[Board "6.1"]
[WhiteElo "1204"]
[BlackElo "1029"]
[WhiteTeam "Gymnasium Neureut"]
[BlackTeam "Louise-Henriette-Gymnasium Oranienburg"]
[PlyCount "79"]
[BlackFideId "12908258"]
[EventCountry "GER"]
[EventRounds "7"]
[EventType "team-swiss"]
[EventDate "2011.05.12"]

1. e4 e5 2. Nf3 Nc6 3. Bc4 Nf6 4. d3 Bc5 5. Be3 Bb6 6. Nc3 Na5 7. Bb5 c6 8. Ba4
Bc7 9. b4 b5 10. Bxb5 a6 11. Ba4 Nb7 12. O-O O-O 13. Bb3 d5 14. exd5 cxd5 15.
d4 e4 16. Nd2 Ng4 17. h3 Nh2 18. Re1 Qf6 19. Nxd5 Qd8 20. Nxc7 Qxc7 21. Nxe4
Nd6 22. Nxd6 Qxd6 23. a3 Be6 24. d5 Bd7 25. Bc5 Qc7 26. Bxf8 Rxf8 27. d6 Qb6
28. Kxh2 Be6 29. Bxe6 fxe6 30. d7 Qxf2 31. d8=Q Qf4+ 32. Kh1 h6 33. Q8d4 Qg3
34. Q1g4 Qxg4 35. Qxg4 Rf2 36. Rxe6 Rxc2 37. Re7 g5 38. Qe6+ Kh8 39. Qxh6+ Kg8
40. Qg7# 1-0

[Event "DSM WK M 2011"]
[Site "Karlsruhe GER"]
[Date "2011.05.14"]
[Round "6"]
[White "Schweiger, Lauralie"]
[Black "Thimian, Jessica"]
[Result "1-0"]
[Termination "normal"]
[Board "6.3"]
[WhiteElo "830"]
[BlackElo "800"]
[WhiteTeam "Gymnasium Neureut"]
[BlackTeam "Louise-Henriette-Gymnasium Oranienburg"]
[PlyCount "83"]
[EventCountry "GER"]
[EventRounds "7"]
[EventType "team-swiss"]
[EventDate "2011.05.12"]

1. d4 d5 2. c4 Nf6 3. Nc3 Nc6 4. Nf3 e6 5. Bf4 Bd6 6. e3 O-O 7. c5 Bxf4 8. exf4
Re8 9. Bb5 Bd7 10. Ne5 Nxe5 11. fxe5 Bxb5 12. exf6 Qd7 13. fxg7 Kxg7 14. a4 Ba6
15. b4 Bc4 16. b5 a6 17. c6 bxc6 18. bxc6 Qxc6 19. Ne2 Bxe2 20. Qxe2 f6 21. O-O
e5 22. Qe3 Qb6 23. Rfd1 Rac8 24. Rab1 Qa7 25. Rb4 a5 26. Rb5 c6 27. Rc5 Re6 28.
f4 Qc7 29. Re1 Rce8 30. dxe5 fxe5 31. f5 d4 32. Qg5+ Rg6 33. fxg6 hxg6 34.
Rexe5 Rd8 35. Re7+ Qxe7 36. Qxe7+ Kh6 37. Qxd8 g5 38. Rxc6+ Kh5 39. Qxd4 g4 40.
Rc5+ Kh4 41. g3+ Kh3 42. Qh8# 1-0

[Event "DSM WK M 2011"]
[Site "Karlsruhe GER"]
[Date "2011.05.14"]
[Round "6"]
[White "Schimmel, Sarina"]
[Black "Fotler, Diana"]
[Result "1-0"]
[Termination "normal"]
[Board "6.4"]
[WhiteElo "890"]
[BlackElo "800"]
[WhiteTeam "Louise-Henriette-Gymnasium Oranienburg"]
[BlackTeam "Gymnasium Neureut"]
[PlyCount "133"]
[EventCountry "GER"]
[EventRounds "7"]
[EventType "team-swiss"]
[EventDate "2011.05.12"]

1. e4 e5 2. Nf3 Nc6 3. Bc4 Nf6 4. Nc3 Bc5 5. O-O O-O 6. d3 d6 7. Qe2 Be6 8.
Bxe6 fxe6 9. Be3 Nd4 10. Bxd4 Bxd4 11. Nxd4 exd4 12. Nb5 e5 13. c3 a6 14. Na3
b5 15. cxd4 c5 16. dxc5 dxc5 17. Rac1 Qd4 18. Nc2 Qxb2 19. a3 b4 20. axb4 cxb4
21. Rb1 Qa2 22. Rxb4 Rab8 23. Qd1 a5 24. Rb1 a4 25. f3 a3 26. h3 Nh5 27. Ra1
Qb2 28. Nxa3 Qd4+ 29. Kh2 Rbd8 30. Nc4 Nf4 31. Ra3 Nxd3 32. Rxd3 Qxd3 33. Qxd3
Rxd3 34. Nxe5 Rd2 35. Kg1 Rf6 36. Rc1 g6 37. g4 g5 38. Rf1 Re2 39. Nd3 Rd2 40.
Nc5 Rc2 41. Nd7 Rf7 42. Ne5 Rf4 43. Rf2 Rxf2 44. Kxf2 Rf8 45. Kg3 h6 46. h4
gxh4+ 47. Kxh4 Rxf3 48. Nxf3 Kg7 49. e5 Kf7 50. g5 hxg5+ 51. Kxg5 Ke6 52. Kf4
Kd5 53. Ng5 Kc6 54. e6 Kd6 55. Kf5 Kc6 56. e7 Kd7 57. Kf6 Kd6 58. Ne4+ Kd7 59.
Kf7 Kc6 60. e8=Q+ Kd5 61. Qa4 Ke5 62. Ng5 Kd6 63. Qa5 Kc6 64. Ke7 Kb7 65. Kd7
Kb8 66. Kc6 Kc8 67. Qc7# 1-0

[Event "DSM WK M 2011"]
[Site "Karlsruhe GER"]
[Date "2011.05.14"]
[Round "6"]
[White "König, Isabel"]
[Black "Nee, Maria Elisabeth"]
[Result "0-1"]
[Termination "normal"]
[Board "7.1"]
[WhiteElo "910"]
[BlackElo "800"]
[WhiteTeam "Gymnasium Altenholz"]
[BlackTeam "Mariengymnasium Papenburg"]
[PlyCount "110"]
[WhiteFideId "16210000"]
[EventCountry "GER"]
[EventRounds "7"]
[EventType "team-swiss"]
[EventDate "2011.05.12"]

1. d4 d5 2. c4 e6 3. Nf3 Bb4+ 4. Nc3 dxc4 5. e4 Nc6 6. Bxc4 Nf6 7. Bg5 h6 8.
Bh4 g5 9. Bg3 Nxe4 10. Qc2 Nxg3 11. hxg3 Nxd4 12. Nxd4 Qxd4 13. Bb5+ Bd7 14.
Rd1 Qe5+ 15. Be2 O-O-O 16. O-O Bxc3 17. bxc3 Bb5 18. Bd3 Bc6 19. Rfe1 Qa5 20.
Re2 Ba4 21. Qd2 Bxd1 22. Qxd1 Qxc3 23. Re3 Qd4 24. Kf1 e5 25. Bf5+ Kb8 26. Qb3
Qd1+ 27. Qxd1 Rxd1+ 28. Re1 Rxe1+ 29. Kxe1 Rd8 30. f3 b5 31. Ke2 Rd4 32. Be4
Kc8 33. Ke3 c5 34. Bc6 b4 35. Be8 c4 36. Bxf7 c3 37. Be6+ Kc7 38. Bf5 Kd6 39.
Bc2 a5 40. Bb3 Rd2 41. f4 a4 42. Bxa4 Rxa2 43. Bb3 c2 44. Kd2 Rb2 45. Bxc2 exf4
46. g4 Ke5 47. Kc1 Rxc2+ 48. Kxc2 Kd4 49. Kb3 Kc5 50. Kc2 Kc4 51. Kb2 b3 52.
Kb1 Kc3 53. Kc1 b2+ 54. Kb1 f3 55. gxf3 Kd3 0-1

[Event "DSM WK M 2011"]
[Site "Karlsruhe GER"]
[Date "2011.05.14"]
[Round "6"]
[White "Hoffner, Rieke"]
[Black "Caliebe, Frauke"]
[Result "0-1"]
[Termination "normal"]
[Board "7.2"]
[WhiteElo "800"]
[BlackElo "837"]
[WhiteTeam "Mariengymnasium Papenburg"]
[BlackTeam "Gymnasium Altenholz"]
[PlyCount "76"]
[EventCountry "GER"]
[EventRounds "7"]
[EventType "team-swiss"]
[EventDate "2011.05.12"]

1. e4 c5 2. Nf3 e6 3. Bc4 d6 4. Nc3 Nf6 5. d3 Be7 6. Bg5 O-O 7. O-O Nbd7 8.
Bxf6 Bxf6 9. d4 cxd4 10. Nxd4 Nc5 11. Re1 a6 12. b4 Nd7 13. b5 axb5 14. Ncxb5
Nc5 15. h3 b6 16. Nc3 Bb7 17. a4 Qe7 18. Bb5 Rfc8 19. Nf3 Bxc3 20. e5 Bxa1 21.
Qxa1 Bxf3 22. gxf3 d5 23. Qa3 Qg5+ 24. Kf1 Qf5 25. c3 Qxh3+ 26. Ke2 Qf5 27. Kf1
Qxf3 28. Re3 Qd1+ 29. Kg2 Nxa4 30. Bxa4 Rxa4 31. Qb2 Rg4+ 32. Rg3 Rh4 33. Rh3
Qg4+ 34. Kf1 Qxh3+ 35. Ke2 Re4+ 36. Kd2 Qf3 37. Kc2 Re2+ 38. Kc1 Qh1# 0-1

[Event "DSM WK M 2011"]
[Site "Karlsruhe GER"]
[Date "2011.05.14"]
[Round "6"]
[White "Caliebe, Nanke"]
[Black "Kroupa, Andriana"]
[Result "1-0"]
[Termination "normal"]
[Board "7.3"]
[WhiteElo "858"]
[BlackElo "800"]
[WhiteTeam "Gymnasium Altenholz"]
[BlackTeam "Mariengymnasium Papenburg"]
[PlyCount "105"]
[WhiteFideId "12980528"]
[EventCountry "GER"]
[EventRounds "7"]
[EventType "team-swiss"]
[EventDate "2011.05.12"]

1. d4 d5 2. c4 e6 3. Nf3 Bb4+ 4. Nc3 Nc6 5. Bd2 Nf6 6. e3 Ng4 7. Qe2 e5 8. dxe5
Ngxe5 9. Nxe5 Nxe5 10. cxd5 a6 11. e4 b5 12. a3 Bc5 13. Be3 Nc4 14. Bxc5 Qg5
15. Rd1 Ne5 16. Qe3 Qf6 17. Bd4 Bg4 18. Bxe5 Qxe5 19. Be2 Bxe2 20. Qxe2 O-O 21.
O-O Rae8 22. Rfe1 c5 23. d6 Rd8 24. d7 Qe6 25. Qd2 f6 26. Re3 Ra8 27. Rd3 c4
28. Rd6 Qe7 29. d8=Q Raxd8 30. Rxd8 Qxd8 31. Qxd8 Rxd8 32. Rxd8+ Kf7 33. Rd6
Ke7 34. Rxa6 g5 35. Nxb5 h5 36. f3 Kf7 37. h3 Kg6 38. Rc6 g4 39. Rxc4 f5 40.
exf5+ Kxf5 41. fxg4+ hxg4 42. hxg4+ Kg5 43. g3 Kg6 44. Rc5 Kg7 45. Rc6 Kf7 46.
Rd6 Ke7 47. Kf2 Kf7 48. Kf3 Kg7 49. Kf4 Kh7 50. Kg5 Kg7 51. Rd7+ Kh8 52. Kg6
Kg8 53. Rd8# 1-0

[Event "DSM WK M 2011"]
[Site "Karlsruhe GER"]
[Date "2011.05.14"]
[Round "6"]
[White "Schulte, Katharina"]
[Black "Morsch, Rebecca"]
[Result "1/2-1/2"]
[Termination "normal"]
[Board "7.4"]
[WhiteElo "800"]
[BlackElo "800"]
[WhiteTeam "Mariengymnasium Papenburg"]
[BlackTeam "Gymnasium Altenholz"]
[PlyCount "101"]
[EventCountry "GER"]
[EventRounds "7"]
[EventType "team-swiss"]
[EventDate "2011.05.12"]

1. e4 c5 2. Bc4 Nc6 3. Nf3 d6 4. h3 e6 5. Nc3 Be7 6. d3 Bf6 7. Bf4 Nge7 8. O-O
O-O 9. Nb5 Qa5 10. Nxd6 Bxb2 11. Rb1 Bc3 12. Nxb7 Bxb7 13. Rxb7 Rfe8 14. Bd6
Qa3 15. Bxe7 Nxe7 16. Qc1 Qa5 17. Rb5 Qd8 18. Rxc5 Bb4 19. Rb5 Bd6 20. Ne5 Bc7
21. Qd2 Qd6 22. Qf4 f6 23. Rfb1 fxe5 24. Rxe5 Rf8 25. Bxe6+ Kh8 26. Qg3 Ng6 27.
Reb5 Ne5 28. Bd5 a6 29. Bxa8 axb5 30. Bd5 Rb8 31. d4 Nd7 32. Qxd6 Bxd6 33. Bc6
Nf6 34. Bxb5 Nxe4 35. c4 Nd2 36. Rc1 Re8 37. c5 Rb8 38. cxd6 Rxb5 39. d7 Rb8
40. Rd1 Ne4 41. a4 Rd8 42. a5 Rxd7 43. d5 Nc3 44. Ra1 Nxd5 45. a6 Ra7 46. f3
Nc7 47. Rd1 h6 48. Rd7 Kg8 49. f4 Kf8 50. g4 Ke8 51. Rxg7 1/2-1/2

[Event "DSM WK M 2011"]
[Site "Karlsruhe GER"]
[Date "2011.05.14"]
[Round "6"]
[White "Schmitt, Nora"]
[Black "Wiesner, Paula"]
[Result "0-1"]
[Termination "normal"]
[Board "8.1"]
[WhiteElo "1016"]
[BlackElo "1642"]
[WhiteTeam "Gymnasium Neuenbürg"]
[BlackTeam "Goethe-Gymnasium Karlsruhe"]
[PlyCount "68"]
[BlackFideId "24654019"]
[EventCountry "GER"]
[EventRounds "7"]
[EventType "team-swiss"]
[EventDate "2011.05.12"]

1. e4 c5 2. Nc3 Nc6 3. Bc4 d6 4. d3 Nf6 5. Bg5 e6 6. Nf3 Be7 7. O-O O-O 8. Qe2
b6 9. e5 dxe5 10. Nxe5 Nxe5 11. Qxe5 Bb7 12. Ne4 Bxe4 13. dxe4 Nd7 14. Bxe7
Nxe5 15. Bxd8 Nxc4 16. b3 Nd2 17. Be7 Nxf1 18. Bxf8 Nd2 19. Be7 Nxe4 20. Rd1
Nc3 21. Ra1 f6 22. g3 Kf7 23. Bd6 e5 24. Re1 Ke6 25. Bxe5 fxe5 26. Re3 Nxa2 27.
f4 Nb4 28. Rxe5+ Kf6 29. c4 Rd8 30. h4 Rd3 31. g4 Rg3+ 32. Kf2 Rxg4 33. Kf3
Rxf4+ 34. Kxf4 Nd3+ 0-1

[Event "DSM WK M 2011"]
[Site "Karlsruhe GER"]
[Date "2011.05.14"]
[Round "6"]
[White "Ketterer, Beatrice"]
[Black "Schillinger, Carmen"]
[Result "0-1"]
[Termination "normal"]
[Board "8.2"]
[WhiteElo "781"]
[BlackElo "800"]
[WhiteTeam "Goethe-Gymnasium Karlsruhe"]
[BlackTeam "Gymnasium Neuenbürg"]
[PlyCount "54"]
[WhiteFideId "12983411"]
[EventCountry "GER"]
[EventRounds "7"]
[EventType "team-swiss"]
[EventDate "2011.05.12"]

1. e4 e5 2. Nf3 Nc6 3. Bc4 Nf6 4. O-O Bb4 5. a3 Ba5 6. Nc3 Nxe4 7. Nxe4 d5 8.
Bxd5 Qxd5 9. Nc3 Qc5 10. d3 Bg4 11. Be3 Qd6 12. b4 Bb6 13. Bxb6 axb6 14. Nb5
Qd7 15. h3 Bh5 16. Re1 O-O 17. c4 Nd4 18. Ra2 Nxf3+ 19. gxf3 Qxh3 20. Rxe5 Bxf3
21. Qxf3 Qxf3 22. Nxc7 Rad8 23. Rd2 Rxd3 24. Rxd3 Qxd3 25. c5 h6 26. cxb6 Rd8
27. a4 Qc2 0-1

[Event "DSM WK M 2011"]
[Site "Karlsruhe GER"]
[Date "2011.05.14"]
[Round "6"]
[White "Holzapfel, Nanne"]
[Black "Wang, Yanru"]
[Result "0-1"]
[Termination "normal"]
[Board "9.1"]
[WhiteElo "800"]
[BlackElo "1180"]
[WhiteTeam "Benjamin-Schule Remplin"]
[BlackTeam "Gymnasium Carolinum Osnabrück"]
[PlyCount "74"]
[BlackFideId "12929328"]
[EventCountry "GER"]
[EventRounds "7"]
[EventType "team-swiss"]
[EventDate "2011.05.12"]

1. e4 e5 2. Nf3 Nc6 3. Bc4 Nf6 4. Nc3 Bc5 5. O-O O-O 6. Re1 d6 7. Bb5 Re8 8.
Bxc6 bxc6 9. d3 Bg4 10. h3 Bh5 11. Bg5 Rb8 12. Rb1 h6 13. Be3 Bb6 14. Na4 Qd7
15. Nd2 Bxd1 16. Rexd1 d5 17. b3 Nh7 18. exd5 cxd5 19. c4 Bxe3 20. fxe3 dxc4
21. dxc4 Qf5 22. Nc5 Ng5 23. Na6 Rb7 24. Nc5 Rb6 25. Na4 Ra6 26. Rf1 Qg6 27.
Nc5 Rxa2 28. Rbd1 Nxh3+ 29. Kh2 Ng5 30. b4 Rd8 31. Ncb3 Ne4 32. Rf2 Nxf2 33.
Rf1 Ne4 34. Rd1 Nxd2 35. Rxd2 Rdxd2 36. Nxd2 Rxd2 37. b5 Qxg2# 0-1

[Event "DSM WK M 2011"]
[Site "Karlsruhe GER"]
[Date "2011.05.14"]
[Round "6"]
[White "Jörs, Pia-Milena"]
[Black "Samohvalov, Annika"]
[Result "1/2-1/2"]
[Termination "normal"]
[Board "9.3"]
[WhiteElo "800"]
[BlackElo "800"]
[WhiteTeam "Benjamin-Schule Remplin"]
[BlackTeam "Gymnasium Carolinum Osnabrück"]
[PlyCount "79"]
[WhiteFideId "12964646"]
[EventCountry "GER"]
[EventRounds "7"]
[EventType "team-swiss"]
[EventDate "2011.05.12"]

1. e4 e5 2. Nf3 Nc6 3. Bb5 a6 4. Bc4 Bc5 5. O-O Nf6 6. d3 d6 7. Bg5 h6 8. Bd2
Bg4 9. Nc3 O-O 10. Qe1 b5 11. Bd5 Nxd5 12. exd5 Nb4 13. a3 Nxc2 14. Qb1 Nxa1
15. Qxa1 Bxf3 16. gxf3 b4 17. Ne4 bxa3 18. bxa3 Bd4 19. Ba5 Bxa1 20. Rxa1 Rb8
21. Nd2 Qg5+ 22. Kf1 Qxd2 23. Bxd2 Rb5 24. a4 Rb2 25. Bc3 Rb3 26. Ba5 Rc8 27.
Rc1 Rb7 28. f4 exf4 29. h4 c5 30. Bc3 Rcb8 31. Ke2 Rb1 32. Re1 Rxe1+ 33. Bxe1
Rb2+ 34. Kf3 g5 35. h5 Kg7 36. Bc3+ f6 37. Bxb2 Kf7 38. d4 cxd4 39. Bxd4 Ke7
40. Kg4 1/2-1/2

[Event "DSM WK M 2011"]
[Site "Karlsruhe GER"]
[Date "2011.05.14"]
[Round "6"]
[White "Hellmann, Stella"]
[Black "Schubert, Lea Sophie"]
[Result "1-0"]
[Termination "normal"]
[Board "9.4"]
[WhiteElo "800"]
[BlackElo "800"]
[WhiteTeam "Gymnasium Carolinum Osnabrück"]
[BlackTeam "Benjamin-Schule Remplin"]
[PlyCount "81"]
[EventCountry "GER"]
[EventRounds "7"]
[EventType "team-swiss"]
[EventDate "2011.05.12"]

1. g3 e5 2. Nf3 Nc6 3. Nc3 b6 4. Bh3 Bb4 5. O-O Nge7 6. a3 e4 7. Nxe4 Bc5 8.
Nxc5 bxc5 9. d3 O-O 10. Bg5 h6 11. Bxe7 Nxe7 12. b4 cxb4 13. axb4 Rb8 14. c3
Nd5 15. Rxa7 Nxc3 16. Qc1 Na2 17. Rxa2 Bb7 18. Ra7 Bxf3 19. exf3 Qg5 20. f4 Qd8
21. Rxc7 Rxb4 22. Qc3 Rb8 23. g4 Rc8 24. Rc1 Re8 25. g5 Re7 26. gxh6 d5 27. d4
Rcxc7 28. Qxc7 Rxc7 29. Re1 g6 30. f5 Qc8 31. Kg2 Rc1 32. Re5 Qa6 33. Re8+ Kh7
34. Kg3 Rg1+ 35. Kf4 Qd6+ 36. Kf3 g5 37. Bg4 Qf4+ 38. Ke2 Qxh2 39. f6 Rg2 40.
Bf5+ Kxh6 41. Rh8# 1-0